=LDR 00000nam 2200000 4500 =001 000308 =005 20250710020515 =035 ##$$a 0010-0725000161 =007 ta =008 250710################a##########0#ind## =020 ##$$a 978-623-118-851-9 =082 ##$$a 398.209 598 =084 ##$$a 398.209 598 KHU l =100 #$$a Khudi, Dzikry el =245 1#$$a Loli Dari Tobati /$c Dzikry el Khudi =250 ##$$a Cetakan Kedua =260 ##$$a Jakarta :$b Kemendikbud,$c 2023 =300 ##$$a 36 hlm. : $b ilus. ; $c 29,7 cm =990 ##$$a TBM00070007